000 00979nmc a2200325 a 4500
003 AR-BaBNM
005 20251128205603.0
008 268019s1997 ||||||||||||||000 | spa||
020 _a84-7738-464-9
040 _cAR-BaBNM
100 1 _aMartín de la Guardia, Ricardo M.
245 1 0 _aLa Europa balcánica
_bYugoslavia, desde la segunda guerra mundial hasta nuestros días
260 _aMadrid
_bSíntesis
_c1997
300 0 _a206 p.
_btablas, mapas
490 0 _aHistoria Universal: contemporánea
_vv. 17
500 0 _aApéndice p. 153-197
504 _aBibliografía p. 199-206
650 4 _aHISTORIA EUROPEA
650 4 _aSIGLO VEINTE
650 4 _aGUERRA
650 4 _aIDEOLOGIAS
650 4 _aHISTORIA POLITICA
651 4 _aEuropa
651 4 _aPaíses del Este
700 1 _aPérez Sánchez, Guillermo A.
800 1 _aPlácido Suárez, Domingo
_edirector
800 1 _aHernández Sandoica, Elena
_ecoordinador
942 _cBK
998 _cMariana
999 _c12017
_d12017